<?xml version="1.0" encoding="UTF-8"?>
<record
    xmlns:xsi="http://www.w3.org/2001/XMLSchema-instance"
    xsi:schemaLocation="http://www.loc.gov/MARC21/slim http://www.loc.gov/standards/marcxml/schema/MARC21slim.xsd"
    xmlns="http://www.loc.gov/MARC21/slim">

  <leader>02346cam a2200469 i 4500</leader>
  <datafield tag="952" ind1=" " ind2=" ">
    <subfield code="0">0</subfield>
    <subfield code="1">0</subfield>
    <subfield code="2">ddc</subfield>
    <subfield code="4">0</subfield>
    <subfield code="7">0</subfield>
    <subfield code="9">152191</subfield>
    <subfield code="a">LDD</subfield>
    <subfield code="b">LDD</subfield>
    <subfield code="d">2018-11-28</subfield>
    <subfield code="e">20</subfield>
    <subfield code="g">4677.92</subfield>
    <subfield code="l">1</subfield>
    <subfield code="o">363.70526 K294N</subfield>
    <subfield code="p">110749</subfield>
    <subfield code="r">2019-09-24</subfield>
    <subfield code="s">2019-08-26</subfield>
    <subfield code="v">5847.40</subfield>
    <subfield code="w">2018-11-28</subfield>
    <subfield code="y">BK</subfield>
  </datafield>
  <datafield tag="999" ind1=" " ind2=" ">
    <subfield code="c">152190</subfield>
    <subfield code="d">152190</subfield>
  </datafield>
  <controlfield tag="001">20000034</controlfield>
  <controlfield tag="003">LDD</controlfield>
  <controlfield tag="005">20190624160242.0</controlfield>
  <controlfield tag="008">170914s2018    enk      b    001 0 eng c</controlfield>
  <datafield tag="010" ind1=" " ind2=" ">
    <subfield code="a">  2017955170</subfield>
  </datafield>
  <datafield tag="020" ind1=" " ind2=" ">
    <subfield code="a">9781786438201 (hbk.)</subfield>
  </datafield>
  <datafield tag="020" ind1=" " ind2=" ">
    <subfield code="a">1786438208 (hbk.)</subfield>
  </datafield>
  <datafield tag="035" ind1=" " ind2=" ">
    <subfield code="a">(OCoLC)on1005122684</subfield>
  </datafield>
  <datafield tag="040" ind1=" " ind2=" ">
    <subfield code="a">YDX</subfield>
    <subfield code="b">eng</subfield>
    <subfield code="c">L&amp;DD</subfield>
    <subfield code="e">rda</subfield>
    <subfield code="d">BDX</subfield>
    <subfield code="d">GRU</subfield>
    <subfield code="d">EZ9</subfield>
    <subfield code="d">OCLCO</subfield>
    <subfield code="d">CHVBK</subfield>
    <subfield code="d">OCLCO</subfield>
    <subfield code="d">OCLCF</subfield>
    <subfield code="d">NDL</subfield>
    <subfield code="d">DLC</subfield>
  </datafield>
  <datafield tag="042" ind1=" " ind2=" ">
    <subfield code="a">pcc</subfield>
  </datafield>
  <datafield tag="050" ind1="0" ind2="0">
    <subfield code="a">QC903</subfield>
    <subfield code="b">.K455 2018</subfield>
  </datafield>
  <datafield tag="082" ind1=" " ind2=" ">
    <subfield code="2">23</subfield>
    <subfield code="a">363.70526 K294N</subfield>
  </datafield>
  <datafield tag="100" ind1="1" ind2=" ">
    <subfield code="a">Kellow, Aynsley J.</subfield>
    <subfield code="q">(Aynsley John),</subfield>
    <subfield code="d">1951-</subfield>
    <subfield code="e">author.</subfield>
    <subfield code="9">374</subfield>
  </datafield>
  <datafield tag="245" ind1="1" ind2="0">
    <subfield code="a">Negotiating climate change :</subfield>
    <subfield code="b">a forensic analysis /</subfield>
    <subfield code="c">Aynsley Kellow (Professor Emeritus of Government, University of Tasmania, Australia).</subfield>
  </datafield>
  <datafield tag="264" ind1=" " ind2="1">
    <subfield code="a">Cheltenham, UK ;</subfield>
    <subfield code="a">Northampton, MA :</subfield>
    <subfield code="b">Edward Elgar Publishing,</subfield>
    <subfield code="c">[2018]</subfield>
  </datafield>
  <datafield tag="264" ind1=" " ind2="4">
    <subfield code="c">&#xA9;2018</subfield>
  </datafield>
  <datafield tag="300" ind1=" " ind2=" ">
    <subfield code="a">vii, 173 pages ;</subfield>
    <subfield code="c">24 cm</subfield>
  </datafield>
  <datafield tag="336" ind1=" " ind2=" ">
    <subfield code="a">text</subfield>
    <subfield code="b">txt</subfield>
    <subfield code="2">rdacontent</subfield>
  </datafield>
  <datafield tag="337" ind1=" " ind2=" ">
    <subfield code="a">unmediated</subfield>
    <subfield code="b">n</subfield>
    <subfield code="2">rdamedia</subfield>
  </datafield>
  <datafield tag="338" ind1=" " ind2=" ">
    <subfield code="a">volume</subfield>
    <subfield code="b">nc</subfield>
    <subfield code="2">rdacarrier</subfield>
  </datafield>
  <datafield tag="504" ind1=" " ind2=" ">
    <subfield code="a">Includes bibliographical references (pages 140-161) and index.</subfield>
  </datafield>
  <datafield tag="630" ind1="0" ind2="0">
    <subfield code="a">Vienna Convention for the Protection of the Ozone Layer</subfield>
    <subfield code="d">(1985 March 22).</subfield>
    <subfield code="k">Protocols, etc.</subfield>
    <subfield code="d">(1987 September 15)</subfield>
    <subfield code="9">6769</subfield>
  </datafield>
  <datafield tag="630" ind1="0" ind2="0">
    <subfield code="a">United Nations Framework Convention on Climate Change</subfield>
    <subfield code="d">(1992 May 9).</subfield>
    <subfield code="k">Protocols, etc.</subfield>
    <subfield code="d">(1997 December 11)</subfield>
    <subfield code="9">6770</subfield>
  </datafield>
  <datafield tag="630" ind1="0" ind2="0">
    <subfield code="a">United Nations Framework Convention on Climate Change</subfield>
    <subfield code="d">(1992 May 9).</subfield>
    <subfield code="k">Protocols, etc.</subfield>
    <subfield code="d">(2015 December 12)</subfield>
    <subfield code="9">6771</subfield>
  </datafield>
  <datafield tag="630" ind1="0" ind2="7">
    <subfield code="a">United Nations Framework Convention on Climate Change (1992 May 9)</subfield>
    <subfield code="2">fast</subfield>
    <subfield code="0">(OCoLC)fst01380684</subfield>
    <subfield code="9">6772</subfield>
  </datafield>
  <datafield tag="630" ind1="0" ind2="7">
    <subfield code="a">Vienna Convention for the Protection of the Ozone Layer (1985 March 22)</subfield>
    <subfield code="2">fast</subfield>
    <subfield code="0">(OCoLC)fst01773949</subfield>
    <subfield code="9">6773</subfield>
  </datafield>
  <datafield tag="650" ind1=" " ind2="0">
    <subfield code="a">Climatic changes</subfield>
    <subfield code="x">Government policy.</subfield>
    <subfield code="9">6774</subfield>
  </datafield>
  <datafield tag="650" ind1=" " ind2="0">
    <subfield code="a">Climatic changes</subfield>
    <subfield code="x">Law and legislation.</subfield>
    <subfield code="9">6775</subfield>
  </datafield>
  <datafield tag="650" ind1=" " ind2="7">
    <subfield code="a">Climatic changes</subfield>
    <subfield code="x">Government policy.</subfield>
    <subfield code="2">fast</subfield>
    <subfield code="0">(OCoLC)fst00864245</subfield>
    <subfield code="9">6774</subfield>
  </datafield>
  <datafield tag="650" ind1=" " ind2="7">
    <subfield code="a">Verhandlung</subfield>
    <subfield code="2">gnd</subfield>
    <subfield code="9">382</subfield>
  </datafield>
  <datafield tag="650" ind1=" " ind2="7">
    <subfield code="a">Klima&#xE4;nderung</subfield>
    <subfield code="2">gnd</subfield>
    <subfield code="9">383</subfield>
  </datafield>
  <datafield tag="650" ind1=" " ind2="7">
    <subfield code="a">Klimaschutz</subfield>
    <subfield code="2">gnd</subfield>
    <subfield code="9">384</subfield>
  </datafield>
  <datafield tag="906" ind1=" " ind2=" ">
    <subfield code="a">7</subfield>
    <subfield code="b">cbc</subfield>
    <subfield code="c">pccadap</subfield>
    <subfield code="d">2</subfield>
    <subfield code="e">ncip</subfield>
    <subfield code="f">20</subfield>
    <subfield code="g">y-gencatlg</subfield>
  </datafield>
  <datafield tag="942" ind1=" " ind2=" ">
    <subfield code="2">ddc</subfield>
    <subfield code="c">BK</subfield>
    <subfield code="e">23</subfield>
    <subfield code="h">363.70526 K294N</subfield>
  </datafield>
</record>
